Central Library OPAC University of Rajshahi

The Whig supremacy, 1714-1760 / (Record no. 24382)

MARC details
000 -LEADER
fixed length control field 01050nam a2200289 a 4500
001 - CONTROL NUMBER
control field 24382
003 - CONTROL NUMBER IDENTIFIER
rucl marc code BD-RjUL
005 - DATE AND TIME OF LATEST TRANSACTION
control field 20211209001038.0
008 - FIXED-LENGTH DATA ELEMENTS--GENERAL INFORMATION
fixed length control field 140313r19391949enk 001 0 eng d
035 ## - SYSTEM CONTROL NUMBER
System control number oxf98700458
System control number (BD-RjUL)24448
040 ## - CATALOGING SOURCE
Original cataloging agency DMM
Transcribing agency DMM
Language of cataloging eng
Modifying agency BD-RjUL
041 ## - LANGUAGE CODE
Language code of text/sound track or separate title eng
082 ## - DEWEY DECIMAL CLASSIFICATION NUMBER
Classification number 942.07
Author mark and year WIW 1949
100 1# - MAIN ENTRY--PERSONAL NAME
Personal name Williams, Basil,
Dates associated with a name 1867-1950.
9 (RLIN) 75060
245 14 - TITLE STATEMENT
Title The Whig supremacy, 1714-1760 /
Statement of responsibility, etc. by Basil Williams.
260 ## - PUBLICATION, DISTRIBUTION, ETC. (IMPRINT)
Place of publication, distribution, etc. Oxford :
Name of publisher, distributor, etc. Clarendon Press,
Date of publication, distribution, etc. 1939 [Reprinted 1949].
300 ## - PHYSICAL DESCRIPTION
Pagination xviii, [2], 464 p. :
Illustrations maps, plan ;
Size 22 cm.
500 ## - GENERAL NOTE
General note "First published 1939; reprinted with corrections, 1942, 1945, 1949."
504 ## - BIBLIOGRAPHY, ETC. NOTE
Bibliography, etc Bibliography: p. [408]-440 and index.
650 ## - SUBJECT ADDED ENTRY--TOPICAL TERM
Topical term or geographic name as entry element Politics and government
9 (RLIN) 75061
651 #0 - SUBJECT ADDED ENTRY--GEOGRAPHIC NAME
Geographic name Great Britain
General subdivision Politics and government
Chronological subdivision 1714-1760.
9 (RLIN) 75062
Geographic name Great Britain
General subdivision History
Chronological subdivision George I, II, 1714-1760.
9 (RLIN) 75063
Geographic name Great Britain
General subdivision Social conditions
Chronological subdivision 18th century.
9 (RLIN) 75064
830 #0 - SERIES ADDED ENTRY--UNIFORM TITLE
Uniform title Oxford history of England
942 ## - ADDED ENTRY ELEMENTS (KOHA)
Source of classification or shelving scheme Dewey Decimal Classification
Koha item type Books
Holdings
Lost status Source of classification or shelving scheme Damaged status Not for loan Collection code Permanent Location Current Location Shelving location Date acquired Source of acquisition Cost, normal purchase price Total Checkouts Full call number Date last seen Copy number Koha item type
  Dewey Decimal Classification   Added to bundle Non-fiction Central Library, University of Rajshahi Central Library, University of Rajshahi Reading Room 15/02/1955 W.B.C. Dhaka 13.00   942.07 WIW 1949 13/03/2014 C-1 Books
  Dewey Decimal Classification     Non-fiction Central Library, University of Rajshahi Central Library, University of Rajshahi   01/04/1957 Simphin Morshall 1.00   942.07 WIW 1951 13/03/2014 C-4 Books
  Dewey Decimal Classification     Non-fiction Central Library, University of Rajshahi Central Library, University of Rajshahi   15/06/1955 allis books 14.10   942.07 WIW 1952 13/03/2014 C-2 Books
  Dewey Decimal Classification   Added to bundle Non-fiction Central Library, University of Rajshahi Central Library, University of Rajshahi Reading Room 29/09/1955 B.H. black well 55.00   942.07 WIW 1952 15/03/2014 C-3 Books